| 000 | 00978nam a2200301 i 4500 | ||
|---|---|---|---|
| 001 | bg | ||
| 100 | 1 | _aTHERIAULT, Marlene | |
| 245 | 1 | 0 |
_aOracle DBA / _cMarlene Theriault, Rachel Carmichael, James Viscusi ; [tł. Piotr Stokłosa, Maciej Dąbrowski]. |
| 246 |
_iTyt. oryg.: _aOracle DBA 101 |
||
| 260 |
_aWarszawa : _b"RM", _c2001. |
||
| 300 |
_aXX, 471 s. : _bil. ; _c24 cm. |
||
| 500 | _aTyt. oryg.: "Oracle DBA 101" 2000. - Na okł. podtyt.: administrowanie bazą danych. | ||
| 504 | _aIndeks. | ||
| 650 | 9 | _aOracle | |
| 655 | _aPodręczniki | ||
| 700 | 1 | _aCARMICHAEL, Rachel | |
| 700 | 1 | _aVISCUSI, James | |
| 700 | 1 |
_aSTOKŁOSA, Piotr. _eTł. |
|
| 700 | 1 |
_aDĄBROWSKI, Maciej. _eTł. |
|
| 020 | _a8372431361 | ||
| 040 | _cBPK | ||
| 041 | 1 |
_apol _heng |
|
| 080 | _a004.42:004.65](07) | ||
| 920 | _a83-7243-136-1 | ||
| 942 | _cKS | ||
| 008 | s pl f |000 0 pol | ||
| 999 |
_c44170 _d44170 |
||
| 856 |
_uhttp://koha.tu.koszalin.pl/cgi-bin/koha/opac-detail.pl?biblionumber=44170 _yKatalog online BPK |
||